000 01260nam a2200313 c 4500
999 _c97910
_d97910
003 BLK
005 20230404030319.0
008 180409b bul|||||r ||||||| ||bul||
010 _aKNG00102828000
040 _aBLK
041 _aBUL
_cBUL
080 _aБългарска литература
_b821.163.2
_x-32
_z821.163.2-32
100 1 _aСтанев, Емилиян
_qСтанев, Никола Стоянов
_d1907-1979
_9363786
139 _aСтанев, Емилиян
_bС 68
245 1 0 _aКогато скрежът се топи
_bИзбр. повести
_cЕмилиян Станев; худож. Добри Янков.
257 _aBGR
260 _aСофия
_bНар. младеж
_c1978
300 _a296 с.
_bс ил.
_c21 см
380 _aX
490 _aБиблиотека Дъга
_9201204
490 _aБългарски писатели за деца и юноши
_9202176
500 _a30 141 тир.
700 1 _aЯнков, Добри
_eхудож.
_9307344
852 _aЦб 94401
856 4 _qpdf
_i0.00
_ldisable
856 4 _qpdf
_i0.00
_ldisable
942 _cKNG
_n0
_s1
944 _aCR
_c01.01.1999
_kНаталия_Медовщикова
944 _aED
_c16.09.2017
_kНаталия_Любомирова
944 _aED
_c2022-11-14
_kХристина Везирева
999 _d97910